01934cam a22004334i 4500003000900000005001700009008004100026020001500067035002700082040003300109082001900142245013400161264005700295300008000352336002100432337002500453338002300478504002800501505061500529526000901144526000901153526000901162526000901171526000901180526000901189526000801198526000801206526000801214526000801222526000801230526000801238650003401246650005701280650004501337651003601382651003101418700002401449700002701473PE-LiUPU20250731184528.0150623s r 000 0 d a1575060124 a(Sirsi) i9781575060125 aPE-LiUPUbspacPE-LiUPUerda04a939.4bR7622100aRetrieving the past :bessays on archaeological research and methodology in honor of Gus W. Van Beek /ceditado por Joe D. Seger. 1aMississippi :bCobb Institute of Archaeology,c1996. a312 páginas :bilustraciones, cuadros, fotos, láms. ;c29 centímetros atext2rdacontent aunmediated2rdamedia avolume2rdacarrier aIncluye bibliografía.0 aProfessional profile: a biography of Gus W. Van Beek. -Contributed Essays: From clay to stone? cooking bowls of South Arabia. -A penetrating look: an experiment in remote sensing at tell halif. -The tell: microcosm of the cultural process. -The Nabatean Synthesis of Avraham Negev: a critical appraisal. -Early bronze III canaanean blade/scraper cores from tell halif, Israel. -Formulating a ceramic corpus: the late iron II, Persian, and Hellenistic pottery at Tell Gezer. -The hajar ar-Rayhani Fauna: a first look at Yemen's iron age pastoral economy. -A cosmetic palette from early bronze III at Tell Halif. aP136 aP135 aP134 aP133 aP144 aP143 aP87 aP35 aP20 aP14 aP10 aP0604aArqueologíaxMetodología.04aExcavaciones (Arqueología)zCercano Oriente Medio.04aExcavaciones (Arqueología)zPalestina. aCercano OrientexAntigüedades aPalestinaxAntigüedades.1 aSeger, Joe D.,eed.1 aVan Beek, Gus W.1922-.